Statistics for Nas Charting Songs (Billboard Hot 100)

Click here to take the quiz!

General Stats

  • This quiz has been taken 3 times
    (2 since last reset)
  • The average score is 5 of 24

Answer Stats

AlbumWeeks OnPeakArtist(s)Song% Correct
King's Disease1 Week#96Nas ft. Fivio Foreign & A$AP FergSpicy
100%
I Am...8 Weeks#62Nas ft. Puff DaddyHate Me Now
50%
Nasir1 Week#96Nas ft. Kanye WestCop Shot the Kid
50%
79 Weeks#22Lil Nas X & Cardi B or NasRodeo
50%
Nastradamus6 Weeks#92NasNAStradamus
50%
Purpose (Deluxe Edition)1 Week#88Justin Bieber ft. NasWe Are
50%
It Was Written20 Weeks#53NasIf I Ruled the World
50%
Stillmatic19 Weeks#87NasGot Ur Self A...
50%
Da Real World21 Weeks#5Missy Elliot ft. Nas, EVE & Q-TipHot Boyz
0%
Street's Disciple4 Weeks#94Nas ft. Olu DaraBridging the Gap
0%
Hot Sauce Committee Part Two1 Week#93Beastie Boys ft. NasToo Many Rappers
0%
Illmatic8 Weeks#91NasIt Ain't Hard to Tell
0%
I Am...4 Weeks#86NasNas Is Like
0%
Nastradamus16 Weeks#59Nas ft. GinuwineYou Owe Me
0%
J to tha L–O! The Remixes23 Weeks#10Jennifer Lopez ft. NasI'm Gonna Be Alright
0%
The Recession6 Weeks#53Young Jeezy ft. NasMy President
0%
Stillmatic13 Weeks#43NasOne Mic
0%
Hip Hop is Dead5 Weeks#41Nas ft. will.i.amHip Hop is Dead
0%
Allure15 Weeks#35Allure ft. NasHead Over Heels
0%
God's Son13 Weeks#32NasMade You Look
0%
Nas & Ill Will Records Presents QB's Finest20 Weeks#26QB Finest ft. Nas & BraveheartsOochie Wally
0%
It Was Written17 Weeks#22NasStreet Dreams
0%
God's Son20 Weeks#12NasI Can
0%
Untitled (Nas)1 Week#97Nas ft. Keri HilsonHero
0%

Score Distribution

Percentile by Number Answered

Percent of People with Each Score

Your Score History

You have not taken this quiz since the last reset